书目信息 |
| 题名: |
策略理性模型
|
|
| 作者: | 泽尔滕 著 | |
| 分册: | ||
| 出版信息: | 北京 首都经济贸易大学出版社 2000.03 |
|
| 页数: | 402页 | |
| 开本: | 32开 | |
| 丛书名: | ||
| 单 册: | ||
| 中图分类: | F202-53 | |
| 科图分类: | ||
| 主题词: | 国民经济--经济管理 | |
| 电子资源: | ||
| ISBN: | 7-5638-0837-X | |
| 000 | 00581nam0 2200193 45 | |
| 001 | 0012011099 | |
| 005 | 20001201100248.4 | |
| 010 | @a7-5638-0837-X@d27.00元 | |
| 100 | @a20001201d2000 km y0chiy0120 ea | |
| 101 | 0 | @achi |
| 105 | @a z 000yy | |
| 200 | 1 | @a策略理性模型@ACe Lue Li Xing Mo Xing@f(德)泽尔滕著;黄涛译@F(De)Ze Er Teng Zhu;Huang Tao Yi |
| 210 | @a北京@c首都经济贸易大学出版社@d2000.03 | |
| 215 | @a402页@d32开 | |
| 606 | 0 | @a国民经济@x经济管理 |
| 690 | @aF202-53@v3 | |
| 701 | 0 | @a泽尔滕@4著 |
| 801 | @aCN@bPftUser@c20001201 | |
| 905 | @b509065-067@dF202-53@eZ807@f3 | |
| 策略理性模型/(德)泽尔滕著;黄涛译.-北京:首都经济贸易大学出版社,2000.03 |
| 402页;32开 |
| ISBN 7-5638-0837-X:27.00元 |
| ● |
| 相关链接 |
|
|
|
正题名:策略理性模型
索取号:F202-53/Z807
 
预约/预借
| 序号 | 登录号 | 条形码 | 馆藏地/架位号 | 状态 | 备注 |
| 1 | 509065 | 205090658 | 社科库409/409社科库 72排1列5层/ [索取号:F202-53/Z807] | 在馆 | |
| 2 | 509066 | 205090667 | 社科二线422/409社科库 72排1列5层/ [索取号:F202-53/Z807] | 在馆 | |
| 3 | 509067 | 205090676 | 社科二线422/409社科库 72排1列5层/ [索取号:F202-53/Z807] | 在馆 |